[Event "Open"]
[Site "Corfu GRE"]
[Date "2007.10.03"]
[Round "3"]
[White "Trabert,B"]
[Black "Levin,F"]
[Result "0-1"]
[WhiteElo "2260"]
[BlackElo "2552"]

1.e4 c5 2.Nf3 e6 3.d4 cxd4 4.Nxd4 Nc6 5.Nc3 Qc7 6.Be2 a6 7.O-O Nf6 8.Be3 d6
9.f4 Be7 10.Kh1 O-O 11.Qe1 Nxd4 12.Bxd4 b5 13.a3 Bb7 14.Qg3 Rad8 15.Bd3 Rd7
16.e5 Ne8 17.f5 dxe5 18.Bxe5 Bd6 19.Bxd6 Rxd6 20.Ne4 Bxe4 21.Bxe4 Nf6 22.Bd3 Qc6
23.Rae1 exf5 24.Rxf5 g6 25.Rf3 Kg7 26.h3 Rfd8 27.Re7 Re6 28.Rxe6 Qxe6 29.Qc7 Rd5
30.Qf4 Re5 31.Qd4 Rd5 32.Qc3 h5 33.Rf1 Qd6 34.Rf3 h4 35.Rf1 Rd4 36.Kg1 Nh5
37.Re1 Ng3 38.Re3 Qf6 39.Rf3 Qe5 40.Qd2 Rd7 41.c3 Re7 42.Bf1 f5 43.b4 Qf6
44.Qf2 Ne4 45.Qd4 Rc7 46.Bd3 Nxc3 47.Rf4 Qxd4+ 48.Rxd4 Rc6 49.Kf2 g5 50.Ke3 Kf6
51.Kd2 Ke5 52.Rd8 Ne4+ 53.Bxe4 Kxe4 54.Re8+ Kf4 55.Rg8 Re6 56.Rd8 Kg3 57.Rg8 g4
58.hxg4 fxg4 59.Kd3 h3 60.gxh3 Kxh3  0-1

[Event "WJun"]
[Site "Yerevan ARM"]
[Date "2007.10.03"]
[Round "1"]
[White "Kjartansson,G"]
[Black "Andreikin,D"]
[Result "0-1"]
[WhiteElo "2324"]
[BlackElo "2555"]

1.e4 c5 2.Nf3 e6 3.d4 cxd4 4.Nxd4 Nc6 5.Nc3 a6 6.Be3 Nf6 7.Bd3 Qc7 8.O-O b5
9.Nxc6 Qxc6 10.f3 Bb7 11.a4 b4 12.Ne2 Qc7 13.c3 d5 14.e5 Nd7 15.f4 bxc3 16.bxc3 g6
17.Rc1 Ba3 18.Rb1 Be7 19.Nd4 Nc5 20.Rf2 Rc8 21.Rfb2 O-O 22.a5 Ba8 23.Rb6 Ne4
24.Bxa6 Nxc3 25.Qe1 Nxb1 26.Bxc8 Na3 27.Bxe6 Nc4 28.Nb5 Qd8 29.Bg4 d4 30.Bxd4 Nxb6
31.axb6 Qd5 32.Qe2 Bc5 33.Qf2 Bxd4 34.Nxd4 Rd8 35.Bf3 Qc5 36.Nc6 Qxc6 37.Bxc6 Rd1+
38.Qf1 Rxf1+ 39.Kxf1 Bxc6 40.g4 Kf8 41.Kf2 Ke7 42.f5 gxf5 43.gxf5 f6 44.e6 Kd6
45.Kg3 Be8 46.Kf4 Kc6 47.Ke4 Kxb6 48.Kd5 Kc7 49.Kc5 Bc6 50.e7 Be8  0-1

[Event "WJun"]
[Site "Yerevan ARM"]
[Date "2007.10.03"]
[Round "1"]
[White "Popov,Iv RUS"]
[Black "Priborsky,J"]
[Result "1-0"]
[WhiteElo "2539"]
[BlackElo "2359"]

1.e4 c5 2.Nf3 e6 3.d4 cxd4 4.Nxd4 Nc6 5.Nc3 Qc7 6.Ndb5 Qb8 7.Be3 Nf6 8.f4 a6
9.e5 axb5 10.exf6 gxf6 11.Nxb5 b6 12.Qd2 Ba6 13.O-O-O d5 14.Qc3 Bc5 15.Bxc5 bxc5
16.Qxc5 Kd7 17.Rxd5+ exd5 18.Qxd5+ Ke7 19.Bc4 Qxf4+ 20.Kb1 Bxb5 21.Re1+ Ne5
22.Qxf7+ Kd6 23.Rd1+ Kc6 24.Bxb5+ Kb6 25.Rd6+ Ka5 26.Qc7+ Kb4 27.c3+ Kxb5
28.Qb6+ Ka4 29.b3+ Ka3 30.Qc5+  1-0

[Event "23rd ECC Men"]
[Site "Kemer TUR"]
[Date "2007.10.04"]
[Round "2"]
[White "Ondersteijn,N"]
[Black "Van der Elburg,F"]
[Result "0-1"]
[WhiteElo "2272"]
[BlackElo "2278"]

1.e4 c5 2.Nf3 e6 3.Nc3 Nc6 4.d4 cxd4 5.Nxd4 Qc7 6.g3 a6 7.Bg2 d6 8.O-O Bd7
9.Re1 Be7 10.Nxc6 Bxc6 11.Bf4 b5 12.a3 Nf6 13.Qe2 O-O 14.Rad1 Rac8 15.Nd5 Bxd5
16.exd5 e5 17.Bh3 Nd7 18.Bxd7 Qxd7 19.c3 f5 20.Be3 g5 21.f4 gxf4 22.gxf4 Rc4
23.Kh1 Re4 24.Rg1+ Kh8 25.Qg2 Bf6 26.fxe5 Bxe5 27.Bh6 Re8 28.Rde1 Rxe1 29.Rxe1 Rg8
30.Qf3 Rg4 31.h3 Rg3 32.Qh5 f4 33.Kh2 Qa7 34.Qe2 f3 35.Qxe5+ dxe5 36.Kxg3 Qb6
37.Be3 Qd6 38.Kxf3 Qxd5+ 39.Kf2 Qf7+ 40.Kg2 Qg6+ 41.Kf3 Qf5+ 42.Kg3 h5 43.Bf2 Qf4+
44.Kg2 Kh7 45.Re3 e4 46.h4 Kg6 47.b4 Kf5 48.Kg1 Qg4+ 49.Kh2 Kf4 50.Kh1 Qd1+
51.Kg2 Qc1 52.Rg3 Qb2 53.Rh3 Qxa3 54.Be3+ Kf5 55.Bf2 Qb2 56.Rg3 Kf4 57.Re3 Qd2
58.Rg3 e3  0-1

[Event "WJun"]
[Site "Yerevan ARM"]
[Date "2007.10.04"]
[Round "2"]
[White "Ashwin,J"]
[Black "Galic,I"]
[Result "1-0"]
[WhiteElo "2478"]
[BlackElo "2255"]

1.e4 c5 2.Nf3 Nc6 3.Nc3 e6 4.d4 cxd4 5.Nxd4 Qc7 6.Be3 a6 7.Qd2 Nf6 8.O-O-O b5
9.Bf4 Ne5 10.Nf3 Nxf3 11.gxf3 Qc6 12.Rg1 Bb7 13.Be5 Rc8 14.a3 d6 15.Bxd6 Rd8
16.e5 Bxd6 17.exd6 Rg8 18.Qd4 Kf8 19.f4 Qd7 20.Bg2 Bd5 21.Ne4 Nxe4 22.Bxe4 g6
23.Bxd5 Qxd6 24.Rg5 exd5 25.Rxd5 Qxd5 26.Qxd5 Rxd5 27.Rxd5 Ke7 28.a4 Rb8
29.axb5 axb5 30.c3 Ke6 31.Re5+ Kd6 32.Kc2 f6 33.Re3 Rc8 34.f5 gxf5 35.Rh3 Rc7
36.Rh4 Rg7 37.Kd3 Ke5 38.Ke3 Rd7 39.Rb4 Rd5 40.f4+ Ke6 41.Rd4 Rc5 42.Kd3 h5
43.Kc2 h4 44.Kb3 Rc8 45.Kb4 Rg8 46.b3 Rg2 47.Kxb5 Rxh2 48.c4 Rg2 49.b4 Rg8
50.c5 h3 51.Rd6+ Ke7 52.Rd2 Rb8+ 53.Kc4 Rh8 54.Rh2 Kd7 55.Kd5 Kc7 56.b5 Kb7
57.Ke6 Rh6 58.Kxf5 Kc7 59.Ke6 Kb7 60.f5  1-0

[Event "Open"]
[Site "Nelson NZL"]
[Date "2007.10.05"]
[Round "6"]
[White "Chandler,M"]
[Black "Conquest,S"]
[Result "1-0"]
[WhiteElo "2540"]
[BlackElo "2540"]

1.e4 c5 2.Nf3 e6 3.d4 cxd4 4.Nxd4 Nc6 5.Nc3 d6 6.Be3 Nf6 7.Qd2 Be7 8.f3 O-O
9.g4 Nd7 10.O-O-O a6 11.h4 Nxd4 12.Bxd4 b5 13.f4 b4 14.Ne2 Qa5 15.Kb1 e5
16.Be3 Nf6 17.Ng3 Nxg4 18.f5 d5 19.exd5 Bb7 20.Bc4 Bc5 21.Bxc5 Qxc5 22.Qe2 Ne3
23.Ne4 Qb6 24.f6 Nxd1 25.Rxd1 gxf6 26.Qh5 Kh8 27.Qh6 Rg8 28.Nxf6 Rg7 29.Bd3 Qg1
30.Kc1 Qd4 31.Nh5 Rgg8 32.Bxh7  1-0

[Event "WJun"]
[Site "Yerevan ARM"]
[Date "2007.10.05"]
[Round "3"]
[White "Brandenburg,D"]
[Black "Priborsky,J"]
[Result "0-1"]
[WhiteElo "2483"]
[BlackElo "2359"]

1.e4 c5 2.Nf3 Nc6 3.d4 cxd4 4.Nxd4 e6 5.Nc3 Qc7 6.Be3 a6 7.Qd2 Nf6 8.O-O-O Bb4
9.f3 Ne5 10.Nb3 b5 11.Qe1 Nc4 12.Bd4 O-O 13.e5 Bxc3 14.Bxc3 Nd5 15.Rxd5 exd5
16.Bd3 d6 17.Qh4 h6 18.exd6 Qxd6 19.Qd4 Qf6 20.Qxf6 gxf6 21.Bxf6 Re8 22.Nd4 Ne5
23.f4 Nd7 24.Bh4 Nc5 25.f5 b4 26.Bg3 a5 27.Bd6 Ne4 28.Bf4 Kg7 29.Bb5 Re7
30.Bc6 Bb7 31.f6+ Kxf6 32.Bxh6 Kg6 33.Bf4 Bxc6 34.Nxc6 Re6 35.Nd4 Rf6 36.g3 Ng5
37.h4 Ne6 38.Ne2 Kh5 39.Be3 Rf3 40.Kd2 d4 41.Nxd4 Rd8 42.c3 Rxg3 43.Rf1 Rg2+
44.Kd3 Rxb2 45.Rf5+ Kxh4 46.Rxa5 Kg4 47.Re5 Nxd4 48.cxd4 Rxa2 49.Rg5+ Kh4
50.Rb5 Ra3+ 51.Kd2 Rg8 52.Bf2+ Kh3 53.Rh5+ Kg2 54.Be3 Rg3 55.Re5 b3 56.Bf4 Ra2+
57.Ke1 Rh3 58.Bd2 b2  0-1

[Event "WJun Girls"]
[Site "Yerevan ARM"]
[Date "2007.10.06"]
[Round "4"]
[White "Airapetian,Ta"]
[Black "Hoolt,S"]
[Result "0-1"]
[WhiteElo "2193"]
[BlackElo "2199"]

1.e4 c5 2.Nf3 e6 3.d4 cxd4 4.Nxd4 Nc6 5.Nc3 Qc7 6.Be3 a6 7.Qd2 Nf6 8.O-O-O Bb4
9.f3 Ne5 10.Nb3 b5 11.Kb1 Nc4 12.Bxc4 bxc4 13.Nc1 Rb8 14.N1e2 O-O 15.g4 Ba3
16.b3 d6 17.Ka1 cxb3 18.cxb3 Nd7 19.Nd4 Nc5 20.Rb1 Bb4 21.Rhc1 Bd7 22.Qe2 Qa5
23.Nd1 Rfc8 24.Nb2 Bc3 25.Rxc3 Qxc3 26.Rc1 Qb4 27.Nc4 Bb5 28.Nxb5 axb5 29.Nb2 Ra8
30.Kb1 Qa3 31.Nd3 Nxd3 32.Rxc8+ Rxc8 33.Qxd3 Qb4 34.Kb2 Qe1 35.Bd2 Qf2 36.h3 h6
37.f4 Qg2 38.f5 d5 39.exd5 Qxd5 40.Qxd5 exd5 41.a4 bxa4 42.bxa4 d4 43.a5 Kf8
44.a6 Ke8 45.Bf4 Ra8 46.Be5 f6 47.Bxd4 Rxa6 48.Kc2 Ra3 49.Bc3 Ra2+ 50.Bb2 Kf7
51.Kb3 Ra6 52.Kc4 h5 53.Kd3 Ra2 54.Kc2 hxg4 55.hxg4 Ke7 56.Kb3 Rxb2+  0-1

[Event "II Patrimon Open"]
[Site "Alcala de Henares ESP"]
[Date "2007.10.07"]
[Round "1"]
[White "Abreu Delgado,A"]
[Black "Alvarez Escudero,M"]
[Result "1-0"]
[WhiteElo "2479"]
[BlackElo "1936"]

1.e4 e6 2.d4 c5 3.Nf3 cxd4 4.Nxd4 Nc6 5.Nc3 Bb4 6.Nb5 Nf6 7.a3 Bxc3+ 8.Nxc3 O-O
9.Qd6 Qa5 10.Bd2 Qe5 11.Bf4 Qa5 12.b4 Qb6 13.Be3 Qd8 14.Be2 Ne8 15.Qd2 f6
16.O-O b6 17.Rad1 Bb7 18.Qxd7 Qxd7 19.Rxd7 Rb8 20.f4 Rf7 21.Rfd1 Bc8 22.R7d2 Rbb7
23.Bb5 Rbc7 24.Ba4 Kf8 25.Nb5 Rcd7 26.Nd4 Nxd4 27.Bxd7 Rxd7 28.Rxd4 Ke7 29.a4 Nd6
30.a5 bxa5 31.Rxd6 Rxd6 32.Bc5  1-0

[Event "FIDE"]
[Site "Corsico ITA"]
[Date "2007.10.07"]
[Round "1"]
[White "Mione,D"]
[Black "Vancini,E"]
[Result "1-0"]
[WhiteElo "2254"]
[BlackElo "2290"]

1.e4 c5 2.Nf3 e6 3.d4 cxd4 4.Nxd4 Nc6 5.Nc3 Qc7 6.Ndb5 Qb8 7.Be3 a6 8.Bb6 axb5
9.Nxb5 Bb4+ 10.c3 Ba5 11.Nc7+ Qxc7 12.Bxc7 Bxc7 13.Qg4 Be5 14.Bb5 Nf6 15.Qe2 O-O
16.O-O Bc7 17.a4 d5 18.exd5 exd5 19.Qc2 Ne5 20.h3 Be6 21.Rad1 Kh8 22.Rfe1 g5
23.c4 dxc4 24.Qc3 Rad8 25.Rxd8 Rxd8 26.Rxe5 Rd3 27.Qe1 Nh5 28.Re3 Nf4 29.Bxc4 Bxc4
30.Rxd3 Nxd3 31.Qc3+ Be5 32.Qxc4 Nxb2 33.Qb5 f6 34.Qxb7 Nd3 35.Qc8+  1-0

[Event "12th ECC Women"]
[Site "Kemer TUR"]
[Date "2007.10.07"]
[Round "5"]
[White "Hou Yifan"]
[Black "Gvetadze,Sopi"]
[Result "1-0"]
[WhiteElo "2502"]
[BlackElo "2362"]

1.e4 c5 2.Nf3 e6 3.d4 cxd4 4.Nxd4 Nc6 5.Nc3 d6 6.Be2 Nf6 7.O-O Be7 8.Be3 O-O
9.f4 e5 10.Nb3 exf4 11.Bxf4 Be6 12.Kh1 d5 13.e5 Nd7 14.Nxd5 Ndxe5 15.c4 Bg5
16.Nc5 Bxf4 17.Nxe6 fxe6 18.Nxf4 Rf6 19.Qb3 Qe7 20.Qe3 Raf8 21.h3 R8f7 22.Kg1 Rf5
23.Nh5 Rxf1+ 24.Rxf1 Rxf1+ 25.Bxf1 Nd7 26.Nf4 Qc5 27.Kf2 Kf7 28.Qxc5 Nxc5
29.Ke3 Ke7 30.g3 a5 31.Bg2 e5 32.Nd5+ Kd6 33.Nc3 Ne6 34.Bd5 Ned4 35.Ne4+ Ke7
36.Nc5 Nf5+ 37.Kf2 Nb4 38.Nxb7 Nd3+ 39.Kf3 Nxb2 40.Nxa5 Na4 41.Be4 Nd4+ 42.Ke3 Nc3
43.Nb3 Ne6 44.Bxh7 Nxa2 45.Bf5 Nc7 46.Ke4 Kf6 47.Bg4 Na6 48.Bc8 N6b4 49.Nc5 Nc3+
50.Ke3 Ke7 51.Bb7 Nb1 52.Nb3 Na3 53.c5 Nb5 54.Nd2 Ke6 55.Ne4 Nd4 56.Kd2 Nbc6
57.Kd3 Kd5 58.Ba8 Nf5 59.g4 Nd4 60.h4 g6 61.h5 gxh5 62.gxh5 Nf5 63.Bb7 Nh6
64.Ke3 Nf5+ 65.Kf3 Nh6 66.Ba8 Ng8 67.Bxc6+ Kxc6 68.Kg4 Kd5 69.Kf5 Ne7+ 70.Kf6  1-0

[Event "WJun Girls"]
[Site "Yerevan ARM"]
[Date "2007.10.08"]
[Round "6"]
[White "Vega Gutierrez,S"]
[Black "Soumya,Sw"]
[Result "1-0"]
[WhiteElo "2331"]
[BlackElo "2244"]

1.e4 c5 2.Nc3 Nc6 3.Nge2 e6 4.d4 cxd4 5.Nxd4 Qc7 6.Be2 Nf6 7.Be3 a6 8.O-O b5
9.Nxc6 dxc6 10.f4 e5 11.fxe5 Qxe5 12.Kh1 Bb4 13.Bf4 Qe6 14.e5 Nd5 15.Nxd5 cxd5
16.a4 O-O 17.axb5 Bb7 18.Qd4 a5 19.Bd3 Qe7 20.Be3 Rfc8 21.Qg4 g6 22.c3 Bc5
23.Rae1 Bxe3 24.Rxe3 Re8 25.e6 fxe6 26.Bxg6 hxg6 27.Qxg6+ Qg7 28.Qd3 Rf8
29.Rg3 Rxf1+ 30.Qxf1 Qxg3 31.hxg3 e5 32.Qf5 Re8 33.Qd7 Bc8  1-0

[Event "Open"]
[Site "Corfu GRE"]
[Date "2007.10.09"]
[Round "8"]
[White "Dettmann,G"]
[Black "Rotstein,A"]
[Result "0-1"]
[WhiteElo "2166"]
[BlackElo "2534"]

1.e4 c5 2.Nf3 e6 3.d4 cxd4 4.Nxd4 Nc6 5.Nc3 Qc7 6.Be3 a6 7.a3 Nf6 8.Bd3 b5
9.O-O Bb7 10.Kh1 Ne5 11.f4 Nc4 12.Bxc4 Qxc4 13.e5 Nd5 14.Nxd5 Qxd5 15.Qf3 Qxf3
16.Nxf3 Rc8 17.c3 Be7 18.Kg1 O-O 19.Rad1 Bd5 20.Rd2 a5 21.Bb6 Ra8 22.Nd4 Rfc8
23.Nf5 Bf8 24.Ne3 Bc6 25.f5 b4 26.axb4 axb4 27.Bd4 Ra2 28.Rdf2 Bb5 29.Rc1 b3
30.g4 Rca8 31.h4 Ra1 32.Rxa1 Rxa1+ 33.Kh2 Re1 34.g5 d6 35.Ng2 Re4 36.fxe6 fxe6
37.Rf4 Re2 38.Rf2 Rxf2 39.Bxf2 dxe5 40.Ne3 Be2  0-1

[Event "WJun Girls"]
[Site "Yerevan ARM"]
[Date "2007.10.09"]
[Round "7"]
[White "Vega Gutierrez,S"]
[Black "Hoolt,S"]
[Result "1-0"]
[WhiteElo "2331"]
[BlackElo "2199"]

1.e4 c5 2.Nf3 e6 3.d4 cxd4 4.Nxd4 Nc6 5.Nc3 Qc7 6.Be2 Nf6 7.O-O a6 8.Kh1 Nxd4
9.Qxd4 Bc5 10.Qd3 b5 11.Bg5 b4 12.Na4 Be7 13.f4 Bb7 14.e5 Nd5 15.Bxe7 Kxe7
16.c4 bxc3 17.Nxc3 Nxc3 18.bxc3 Rac8 19.c4 f5 20.exf6+ gxf6 21.Rad1 Rcg8
22.Qa3+ Kd8 23.Bf3 Rg7 24.Qb2 d5 25.cxd5 e5 26.d6 Qd7 27.Qb6+ Ke8 28.fxe5 Bxf3
29.Rxf3 fxe5 30.Qb8+  1-0

[Event "WJun"]
[Site "Yerevan ARM"]
[Date "2007.10.09"]
[Round "7"]
[White "Ashwin,J"]
[Black "Laznicka,V"]
[Result "0-1"]
[WhiteElo "2478"]
[BlackElo "2610"]

1.e4 c5 2.Nf3 e6 3.d4 cxd4 4.Nxd4 Nc6 5.Nc3 a6 6.Nxc6 bxc6 7.Bd3 d5 8.O-O Nf6
9.Qe2 Be7 10.b3 O-O 11.Bb2 Bb7 12.Na4 Qc7 13.e5 Nd7 14.c4 dxc4 15.Bxc4 Nb6
16.Nxb6 Qxb6 17.Rfd1 Rfd8 18.Rxd8+ Rxd8 19.Rd1 a5 20.Bc3 Bb4 21.Bxb4 axb4
22.Rd6 Rxd6 23.exd6 Qd4 24.Bxe6 Qxd6 25.Bc4 Kf8 26.h4 h6 27.Qh5 Qe7 28.Qa5 g6
29.h5 g5 30.Qf5 c5 31.f3 Kg7 32.Kf2 Bc6 33.Bd3 Qd6 34.Qh7+ Kf8 35.Bc4 Be8
36.Qf5 Qd4+ 37.Ke2 Ke7 38.Kf1 Kd8 39.Qh7 Qa1+ 40.Kf2 Qf6 41.Qd3+ Kc7 42.Bb5 Qb2+
43.Kg3 Qc3 44.Qe2 Bxb5 45.Qxb5 Qe1+ 46.Kh2 Qe5+ 47.Kg1 f6 48.Qa6 Kd7 49.Qb7+ Ke6
50.Qc8+ Kd5 51.Qd7+ Qd6 52.Qh7 Kd4 53.Qxh6 Ke3 54.Qg6 Qd1+ 55.Kh2 Kf2 56.Kh3 Qd7+
57.g4 Qd1  0-1

[Event "3rd Arctic Cup"]
[Site "Salekhard RUS"]
[Date "2007.10.10"]
[Round "3"]
[White "Burg,T"]
[Black "Hrabusa,M"]
[Result "1-0"]
[WhiteElo "2275"]
[BlackElo "2304"]

1.e4 c5 2.Nf3 e6 3.d4 cxd4 4.Nxd4 Nc6 5.Nc3 a6 6.Be2 d6 7.O-O Nf6 8.Be3 Be7
9.f4 O-O 10.a4 Qc7 11.Kh1 Re8 12.Bf3 Bf8 13.Qd2 Bd7 14.Rad1 Rab8 15.Qf2 b6
16.e5 dxe5 17.Nxc6 Bxc6 18.Bxc6 Ng4 19.Qf3 Nxe3 20.Rd7 Qc8 21.fxe5 Nxf1 22.Qxf7+ Kh8
23.Rc7 Qd8 24.Bxe8 Qxe8 25.Qxf1 Qg6 26.Qe2 Qg5 27.Rd7 Bc5 28.g3 Rf8 29.Kg2 h6
30.h4 Qf5 31.Nd1 Qg6 32.c3 Qe8 33.Qd3 a5 34.Kh2 Qb8 35.Qe4 Rf5 36.b4 axb4
37.cxb4 Bf8 38.Rb7 Qa8 39.Qc6 Rxe5 40.Nf2 Re2 41.Qxb6 Qxa4 42.Rb8 Kg8 43.Qc5 Qa2
44.Rxf8+  1-0

[Event "Open"]
[Site "Winterthur SUI"]
[Date "2007.10.10"]
[Round "6"]
[White "Jenni,F"]
[Black "Kamber,B"]
[Result "1-0"]
[WhiteElo "2511"]
[BlackElo "2329"]

1.e4 c5 2.Nf3 e6 3.d4 cxd4 4.Nxd4 Nc6 5.Nc3 Qc7 6.Be2 Nf6 7.O-O a6 8.Kh1 Bb4
9.Bg5 Qd6 10.Nxc6 bxc6 11.Bd3 Bxc3 12.bxc3 Qc5 13.Qd2 Ng4 14.h3 f6 15.Bf4 Ne5
16.Be2 d5 17.Bxe5 fxe5 18.Qg5 O-O 19.Qxe5 Rxf2 20.Qc7 Bd7 21.Rxf2 Qxf2 22.Qxd7 Qxe2
23.Qxe6+ Kh8 24.Qxc6 Rf8 25.exd5 Rf1+ 26.Rxf1 Qxf1+ 27.Kh2 Qf4+ 28.Kg1 Qe3+
29.Kf1 Qc1+ 30.Ke2 Qxc2+ 31.Ke3 Qc1+ 32.Kd4 Qd2+ 33.Ke5 Qe3+ 34.Kd6 h5 35.Qc8+ Kh7
36.Qf5+ Kh8 37.Qxh5+ Kg8 38.Qf3 Qe8 39.Kc5 Qb5+ 40.Kd4 Qa4+ 41.c4 Qxa2 42.d6 Qb2+
43.Kc5 Qb8 44.Qd5+ Kh8 45.d7 Qc7+ 46.Kb4  1-0

[Event "Open"]
[Site "Winterthur SUI"]
[Date "2007.10.10"]
[Round "6"]
[White "Hajnal,Z"]
[Black "Rosenthal,Jon"]
[Result "1-0"]
[WhiteElo "2381"]
[BlackElo "2204"]

1.e4 c5 2.Nf3 Nc6 3.d4 cxd4 4.Nxd4 e6 5.Nc3 d6 6.Be3 Nf6 7.f3 Be7 8.Qd2 O-O
9.g4 a6 10.O-O-O Nxd4 11.Bxd4 b5 12.Kb1 Nd7 13.h4 Qc7 14.Bd3 Bb7 15.a3 Ne5
16.Qf2 Nc4 17.Bxc4 Qxc4 18.Qd2 a5 19.b3 Qc6 20.Kb2 b4 21.axb4 axb4 22.Na4 Ba6
23.Ra1 Rab8 24.g5 Rb5 25.Rhc1 Qb7 26.Ra2 e5 27.Be3 d5 28.exd5 Rxd5 29.Qf2 Rfd8
30.Rca1 Bb5 31.Nc5 Bxc5 32.Bxc5 Bc6 33.Qe3 Rd2 34.Qxe5 Bxf3 35.Re1 Bc6 36.Ra7 Qb5
37.Rxf7  1-0

[Event "WJun Girls"]
[Site "Yerevan ARM"]
[Date "2007.10.11"]
[Round "8"]
[White "Zawadzka,J"]
[Black "Hoolt,S"]
[Result "1/2-1/2"]
[WhiteElo "2371"]
[BlackElo "2199"]

1.e4 c5 2.Nf3 e6 3.d4 cxd4 4.Nxd4 Nc6 5.Nc3 Qc7 6.Be3 a6 7.Qd2 Nf6 8.O-O-O Bb4
9.f3 Ne5 10.Nb3 b5 11.Qe1 Be7 12.f4 Ng6 13.e5 Ng4 14.Bd4 Bb7 15.h3 Nh6 16.Qf2 Bh4
17.Qd2 Be7 18.Bd3 O-O 19.Ne4 Nf5 20.Bf2 d6 21.Nxd6 Nxd6 22.Bxg6 Ne4 23.Bxe4 Bxe4
24.Bd4 Rac8 25.c3 b4 26.Rhe1 bxc3 27.Bxc3 Rfd8 28.Rxe4 Rxd2 29.Rxd2 g6 30.Kb1 Qb7
31.Red4 Qb5 32.R2d3 Rc4 33.Rd2 Rxd4 34.Nxd4 Qf1+ 35.Kc2 Qxf4 36.Nf3 Bb4 37.Kb3 Bxc3
38.bxc3 Qe3 39.a4 Kg7 40.h4 h6 41.Rd7 g5 42.hxg5 hxg5 43.Rd4 Kg6 44.Rg4 f6
45.exf6 Kxf6 46.Rxg5 Qb6+ 47.Kc2 Qf2+ 48.Kb3 Qe2 49.a5 Qd3 50.Kb4 Qb1+  1/2-1/2

[Event "IV Amateur Open"]
[Site "Calvia ESP"]
[Date "2007.10.12"]
[Round "7"]
[White "Garcia Amoros,P"]
[Black "Rhein,K"]
[Result "1-0"]
[WhiteElo "2157"]
[BlackElo "2118"]

1.e4 c5 2.Nf3 e6 3.d4 cxd4 4.Nxd4 Nc6 5.Nc3 Qc7 6.Be3 a6 7.Qd2 Nf6 8.O-O-O Bb4
9.f3 Ne5 10.Nb3 b5 11.Kb1 Nc4 12.Bxc4 bxc4 13.Nd4 Rb8 14.Ka1 Be7 15.g4 d6
16.Qe2 Bb7 17.Bc1 Nd7 18.f4 O-O 19.g5 Rfe8 20.h4 Bf8 21.h5 f5 22.Rhe1 fxe4
23.Qg4 Nc5 24.f5 exf5 25.Nxf5 Rbd8 26.g6 Bc8 27.gxh7+ Kh8 28.Bg5 Re5 29.Bxd8 Qxd8
30.Qh4 Qxh4 31.Nxh4 Kxh7 32.Ng6 Re8 33.Nxf8+ Rxf8 34.Nxe4 Nxe4 35.Rxe4 d5
36.Re7 Bg4 37.Rh1 Kh6 38.c3 Rf6 39.Re8 Be6 40.Rh8+ Kg5 41.Rg1+ Bg4 42.a4 Kf4
43.Rg8 Bxh5 44.R8xg7 Ke4 45.R7g5 Bf3 46.Rg6 Rf5 47.Rxa6 d4 48.Re1+ Kd3 49.cxd4 Kxd4
50.Rc1 Rf4 51.Ka2 Bd5 52.Rc3 Bf7 53.Rb6 Rf5 54.Ka3 Rf2 55.Rb8 Bd5 56.Rc8 Rf7
57.Rb8 Rf2 58.Rb4 Kc5 59.Rbxc4+ Bxc4 60.b3 Kd5 61.Rxc4 Rf1 62.Kb4 Rb1 63.a5 Kd6
64.a6  1-0

[Event "3rd Arctic Cup"]
[Site "Salekhard RUS"]
[Date "2007.10.12"]
[Round "5"]
[White "Rozum,I"]
[Black "Hrabusa,M"]
[Result "1/2-1/2"]
[WhiteElo "2411"]
[BlackElo "2304"]

1.e4 c5 2.Nf3 e6 3.d4 cxd4 4.Nxd4 Nc6 5.Nc3 a6 6.Nxc6 bxc6 7.e5 Qc7 8.f4 d5
9.exd6 Bxd6 10.Ne4 Be7 11.Bd3 Nf6 12.Qf3 Bb7 13.O-O O-O 14.b3 c5 15.Bb2 Nxe4
16.Bxe4 Bxe4 17.Qxe4 c4 18.Rad1 Rac8 19.Be5 Qc5+ 20.Kh1 cxb3 21.cxb3 Rfd8
22.h3 Qb4 23.Qe2 Qb5 24.Qxb5 axb5 25.a4 bxa4 26.bxa4 Ra8 27.Rxd8+ Bxd8 28.Ra1 Ba5
29.Rc1 f6 30.Bd6 Rd8 31.Rc6 Kf7 32.Ra6 Bd2 33.g3 h5 34.Kg2 Rd7 35.Bc5 h4
36.Rd6  1/2-1/2

[Event "3rd Arctic Cup"]
[Site "Salekhard RUS"]
[Date "2007.10.12"]
[Round "5"]
[White "Straka,Jo"]
[Black "Veselov,A"]
[Result "1-0"]
[WhiteElo "2039"]
[BlackElo "2036"]

1.e4 c5 2.Nf3 Nc6 3.d4 cxd4 4.Nxd4 e6 5.Nc3 Nf6 6.Ndb5 Bb4 7.a3 Bxc3+ 8.Nxc3 d5
9.exd5 exd5 10.Bd3 O-O 11.O-O d4 12.Ne2 Bg4 13.Bg5 Qd6 14.Re1 Rfe8 15.h3 Bh5
16.Qd2 Bxe2 17.Rxe2 Rxe2 18.Qxe2 Re8 19.Qd2 Nd5 20.Re1 Re6 21.Bh4 Nf4 22.Rxe6 Nxe6
23.Bg3 Qc5 24.Qe2 Qg5 25.Kh2 Qc1 26.Qh5 g6 27.Qb5 Ncd8 28.Qe8+ Kg7 29.Be5+ f6
30.Qe7+ Kh6 31.Qxf6 Qg5 32.Bxd4 Nxd4 33.Qxd4 Nc6 34.Qe3 Qxe3 35.fxe3 Ne5
36.Kg3 Kg5 37.h4+ Kf6 38.Kf4 h5 39.b4 b6 40.Be2 a5 41.bxa5 bxa5 42.Bb5  1-0

[Event "FIDE"]
[Site "Corsico ITA"]
[Date "2007.10.13"]
[Round "3"]
[White "Ranieri,F"]
[Black "Vancini,E"]
[Result "0-1"]
[WhiteElo "2261"]
[BlackElo "2290"]

1.e4 c5 2.Nf3 e6 3.d4 cxd4 4.Nxd4 Nc6 5.Nc3 Qc7 6.Be2 a6 7.Be3 b5 8.O-O Bb7
9.Nxc6 Bxc6 10.Bf3 Be7 11.Bd4 Bf6 12.Nd5 exd5 13.exd5 Bb7 14.Bxf6 Nxf6 15.d6 Qb6
16.Re1+ Kf8 17.Re7 Rc8 18.Bxb7 Qxb7 19.Qd3 h5 20.Rae1 h4 21.Qb3 Rc4 22.Qe3 Qa8
23.b3 Rg4 24.f3 Rg6 25.Qd3 Rhh6 26.a4 Rg5 27.axb5 axb5 28.c4 Rhg6 29.R7e2 bxc4
30.Qxc4 h3 31.g3 Kg8 32.Rf1 Qd5 33.Qc2 Qxd6 34.f4 Qd4+ 35.Rff2 Ra5 36.Re1 Ng4  0-1

[Event "WJun"]
[Site "Yerevan ARM"]
[Date "2007.10.13"]
[Round "10"]
[White "Ragger,M"]
[Black "Laznicka,V"]
[Result "1/2-1/2"]
[WhiteElo "2528"]
[BlackElo "2610"]

1.e4 c5 2.Nf3 Nc6 3.d4 cxd4 4.Nxd4 e6 5.Nc3 Qc7 6.Be3 a6 7.Qd2 Nf6 8.O-O-O Bb4
9.f3 Ne5 10.Nb3 b5 11.Qd4 Nc6 12.Qb6 Qxb6 13.Bxb6 Bxc3 14.bxc3 d5 15.Na5 Nxa5
16.Bxa5 Bb7 17.e5 Nd7 18.f4 f6 19.exf6 gxf6 20.Be2 h5 21.Rhe1 Nc5 22.Bf3 Kf7
23.f5 exf5 24.Bxd5+ Kg6 25.Bxb7 Nxb7 26.Bb6 Rac8 27.Rd3 Rc6 28.Bf2 Na5 29.Rg3+ Kf7
30.Rf3 Rg8 31.Bg3 Rg4 32.Rxf5 h4 33.Rf4 Rxf4 34.Bxf4 Rxc3 35.Bd2 Ra3 36.Bxa5 Rxa5
37.Re4 h3 38.g3 Rxa2  1/2-1/2

[Event "WJun"]
[Site "Yerevan ARM"]
[Date "2007.10.13"]
[Round "10"]
[White "Negi,P"]
[Black "Stellwagen,D"]
[Result "0-1"]
[WhiteElo "2514"]
[BlackElo "2639"]

1.e4 c5 2.Nf3 e6 3.d4 cxd4 4.Nxd4 Nc6 5.Nc3 Qc7 6.Be3 a6 7.Bd3 b5 8.f4 Bb7
9.Qf3 Rc8 10.Nb3 Nf6 11.Qh3 Bb4 12.O-O Ne7 13.e5 Bxc3 14.bxc3 Ne4 15.a4 Nxc3
16.axb5 axb5 17.f5 exf5 18.Ra7 Qb8 19.Bxf5 Nxf5 20.Qxf5 O-O 21.Qxd7 Rc7 22.Qd2 b4
23.Raa1 Rd8 24.Qf2 Re8 25.Bf4 Qc8 26.Rae1 Ne4 27.Qd4 Rc4 28.Qb6 Rxc2 29.Nd4 Ra2
30.Nf3 Qc2 31.Nd2 Nxd2 32.Rf2 Qc3 33.Rd1 Nc4 34.Qb5 Raa8 35.Qxb7 Rab8 36.Qd7 Nb6
37.Qf5 Rbd8 38.Bd2 Qc4 39.Rc1 Qb3 40.Rb1 Qd5 41.Bxb4 Rxe5 42.Qf4 Nc4 43.Bc3 Re4
44.Qc7 Rde8 45.Rbf1 f6 46.Ra1 R4e7 47.Qf4 h6 48.h3 Re3 49.Qd4 Qxd4 50.Bxd4 Rd3
51.Bc5 Re5 52.Ba7 Kh7 53.Rc1 Re4 54.Rfc2 Nd6 55.Bf2 h5 56.Rc3 Rxc3 57.Rxc3 Re2
58.Rd3 Nf5 59.g3 g5 60.g4 Ng7 61.Rf3 Re6 62.Bd4 Kg6 63.Kf2 Ra6 64.Bc3 Ne8
65.Kg3 Re6 66.Kf2 Ra6 67.Kg3 Rc6 68.Kf2 Rc4 69.gxh5+ Kf7 70.Bd2 Kg7 71.Bc3 Rh4
72.Re3 Kf7 73.Kg2 Rxh5 74.Bb4 Ng7 75.Re7+ Kg6 76.Be1 Rh8 77.Rc7 Ne6 78.Rc3 Nf4+
79.Kh2 g4 80.Bd2 Rxh3+ 81.Rxh3 Nxh3 82.Kg3 Kh5 83.Bc3 f5 84.Be5 f4+ 85.Kg2 Kg5
86.Bc7 Kf5 87.Bb6 Ng5 88.Bc7 g3 89.Bb6 Kg4 90.Kh1 f3 91.Ba7 Ne6  0-1

[Event "FSGM October"]
[Site "Budapest HUN"]
[Date "2007.10.14"]
[Round "9"]
[White "Szabo,Krisz1"]
[Black "Fogarasi,T"]
[Result "1/2-1/2"]
[WhiteElo "2492"]
[BlackElo "2428"]

1.e4 c5 2.Nf3 e6 3.d4 cxd4 4.Nxd4 Nc6 5.Nc3 Qc7 6.Be3 a6 7.Qd2 Nf6 8.O-O-O Be7
9.f3 O-O 10.g4 b5 11.h4 Bb7 12.h5 Nxd4 13.Bxd4 e5 14.Bf2 b4 15.Na4 Rac8 16.Bh4 d5
17.exd5  1/2-1/2

[Event "TCh-ROU Superliga"]
[Site "Predeal ROU"]
[Date "2007.10.14"]
[Round "2"]
[White "Valeanu,E"]
[Black "Filip,L"]
[Result "0-1"]
[WhiteElo "2379"]
[BlackElo "2432"]

1.e4 c5 2.Nf3 e6 3.d4 cxd4 4.Nxd4 Nc6 5.Nc3 Qc7 6.Be3 Nf6 7.Qd2 Nxd4 8.Bxd4 e5
9.Be3 Bb4 10.f3 d6 11.a3 Bxc3 12.Qxc3 Qxc3+ 13.bxc3 Be6 14.O-O-O Ke7 15.Bb5 Rhc8
16.Kb2 d5 17.Bg5 dxe4 18.fxe4 h6 19.Bxf6+ Kxf6 20.Bd7 Rd8 21.Rhf1+ Ke7 22.Bxe6 Rxd1
23.Rxd1 Kxe6 24.c4 Rc8 25.Kb3 g6 26.Rd5 f5 27.exf5+ gxf5 28.Kc3 h5 29.Rd3 b5
30.Rh3 Rxc4+ 31.Kd2 h4 32.g3 hxg3 33.Rxg3 Rg4 34.Rh3 Rg2+ 35.Kc3 f4 36.Rh8 Kd5
37.h4 Ke4 38.h5 Rh2 39.h6 Ke3 40.Kb4 f3 41.Kxb5 f2 42.Rf8 Rxh6 43.c4 Rh3  0-1

[Event "WJun Girls"]
[Site "Yerevan ARM"]
[Date "2007.10.14"]
[Round "11"]
[White "Melia,S"]
[Black "Vega Gutierrez,S"]
[Result "1-0"]
[WhiteElo "2365"]
[BlackElo "2331"]

1.e4 c5 2.Nf3 e6 3.d4 cxd4 4.Nxd4 Nc6 5.Nc3 a6 6.Be3 Nf6 7.f3 d5 8.exd5 Nxd5
9.Nxd5 Qxd5 10.Nxc6 bxc6 11.Qd4 Qxd4 12.Bxd4 c5 13.Bc3 Bb7 14.O-O-O Bd5 15.Bd3 Bd6
16.Be4 Bf4+ 17.Kb1 Bxe4 18.fxe4 f6 19.Ba5 Be5 20.Rd3 Rb8 21.Bc3 Bxc3 22.Rxc3 Rc8
23.Rb3 O-O 24.Rb6 f5 25.exf5 Rxf5 26.Rxe6 a5 27.Rhe1 Rd8 28.R6e2 c4 29.Kc1 c3
30.bxc3 Rd7 31.Re3 Rb7 32.Rf3 Rxf3 33.gxf3 a4 34.Re4 a3 35.Ra4 g5 36.Rxa3 Rf7
37.c4 Rf4 38.Rc3 Kf8 39.c5 Ke7 40.c6 Kd8 41.Rd3+ Kc7 42.Rd7+ Kxc6 43.Rxh7 Rxf3
44.Kb2 g4 45.Rh6+ Kc5 46.Rh5+ Kc6 47.Rg5 Rh3 48.Rxg4 Rxh2 49.Kb3 Rh3+ 50.c3 Rh5
51.a4 Kc5 52.Rg6 Rf5 53.Ra6 Rf4 54.Ra5+ Kc6 55.Rb5 Rh4 56.Rb4 Rh5 57.Rc4+ Kb6
58.Rc8 Rh1 59.Rb8+ Kc6 60.Rg8 Kc5 61.Rg5+ Kb6 62.Kb4 Rb1+ 63.Kc4 Ra1 64.Rg6+ Ka5
65.Kc5 Rc1 66.Kc4 Ra1 67.Rg5+ Kb6 68.Rb5+ Kc6 69.Rb4 Rh1 70.Rb2 Rh4+ 71.Kb3 Kc5
72.Ra2 Rh6 73.a5 Ra6 74.Rh2 Rg6 75.Rh5+ Kc6 76.Kb4 Rg4+ 77.c4 Rg6 78.Re5 Kb7
79.Kb5 Rg1 80.a6+ Kb8 81.Kb6 Rb1+ 82.Rb5 Rc1 83.c5 Ka8 84.c6 Kb8 85.a7+ Ka8
86.c7 Rc2 87.Rc5 Rb2+ 88.Ka5 Kxa7 89.c8=Q Rb5+ 90.Ka4 Rb4+ 91.Kxb4  1-0